000
00257nam a2200109Ia 4500
008
190911s9999||||xx |||||||||||||| ||und||
100
_a
Dennis Shasha
245
0
_a
Codes, Puzzles, and Cospiracy
260
_a
USA
_b
Pearson
_c
1992
300
_a
242
942
_c
BK
999
_c
6893
_d
6893